| 000 | 00392nam a2200145 a 4500 | ||
|---|---|---|---|
| 001 | 3136 | ||
| 003 | CDMR | ||
| 005 | 20130326114655.0 | ||
| 008 | 130130s1983||||||||||||||||||||||||||||d | ||
| 040 |
_aCDMR _bcat _cCPC LLEIDA |
||
| 100 | 1 |
_aRatés Brufau, Ester _92290 |
|
| 245 | 1 | 0 |
_aPintura contemporània a Lleida 1930-1980 _cRATÉS BRUFAU, Ester |
| 260 |
_aLleida _c1983 _bPagès |
||
| 942 |
_cMON _2udc |
||
| 999 |
_c3136 _d3136 |
||